000 00452nam a22001697a 4500
005 20180712110916.0
008 160512b xxu||||| |||| 00| 0 eng d
020 _a9788125-921400
041 _aeng
082 _b1539
_a658.1511
100 _aMaheshwari S.N. Maheshwari S.K.
_9327
245 _aA text book of Accounting the management
260 _aNOIDA
_bVIKAS PUBLISHING HOUSE
_c2006
300 _a4302p,
650 _aManagement
_9241
942 _cBK
999 _c625
_d625